Southville International School and Colleges
Your cart is empty.
  • Cart
  • Lists
    Public lists list_1 View all
    Your lists Log in to create your own lists
  • Log in to your account
  • Your cookies
  • Search history
Southville International School and Colleges
  • Advanced search
  • Recent comments
  • Most popular
  • Libraries

Log in to your account

Log in with GOOGLE


If you do not have an external account, but do have a local account, you can still log in:

  1. Home
  2. MARC view: Reflection on life after life /
Normal view MARC view ISBD view

Reflection on life after life / (Record no. 8653)

[ view plain ]
MARC details
000 -LEADER
fixed length control field 00471nam a22001697a 4500
003 - CONTROL NUMBER IDENTIFIER
control field OSt
005 - DATE AND TIME OF LATEST TRANSACTION
control field 20140310182034.0
008 - FIXED-LENGTH DATA ELEMENTS--GENERAL INFORMATION
fixed length control field 130815t xxu||||| |||| 00| 0 eng d
050 ## - LIBRARY OF CONGRESS CALL NUMBER
Classification number BL 535
Item number .M66 1978
082 ## - DEWEY DECIMAL CLASSIFICATION NUMBER
Classification number HS
Item number 236.2 M72 1978
100 ## - MAIN ENTRY--PERSONAL NAME
Personal name Moody, Raymond A
9 (RLIN) 10583
245 ## - TITLE STATEMENT
Title Reflection on life after life /
Statement of responsibility, etc by Raymond A. Moody
260 ## - PUBLICATION, DISTRIBUTION, ETC. (IMPRINT)
Place of publication, distribution, etc Harrisburg, Pa. :
Name of publisher, distributor, etc Stackpole Books,
Date of publication, distribution, etc c1977.
300 ## - PHYSICAL DESCRIPTION
Extent 140 p. :
Dimensions 18 cm.
942 ## - ADDED ENTRY ELEMENTS (KOHA)
Source of classification or shelving scheme Library of Congress Classification
Koha item type
Holdings
Withdrawn status Lost status Source of classification or shelving scheme Damaged status Home library Current library Shelving location Date acquired Total Checkouts Full call number Barcode Date last seen Copy number Price effective from Koha item type
    Library of Congress Classification   Luxembourg Library Luxembourg Library   08/15/2013   BL 535 .M66 1978 7226 08/15/2013 1 08/15/2013 Books

Reflection on life after life /

APA

Moody R. A., . (1977). Reflection on life after life. Harrisburg, Pa: Stackpole Books.

Chicago

Moody Raymond A, . 1977. Reflection on life after life. Harrisburg, Pa: Stackpole Books.

Harvard

Moody R. A., . (1977). Reflection on life after life. Harrisburg, Pa: Stackpole Books.

MLA

Moody Raymond A, . Reflection on life after life. Harrisburg, Pa: Stackpole Books. 1977.

  • Place hold
  • Print
  • Cite
  • Add to your cart (remove)
  • Save record
    BIBTEX Dublin Core MARCXML MARC (non-Unicode/MARC-8) MARC (Unicode/UTF-8) MARC (Unicode/UTF-8, Standard) MODS (XML) RIS
  • More searches
    Search for this title in:
    Other Libraries (WorldCat) Other Databases (Google Scholar) Online Stores (Bookfinder.com) Open Library (openlibrary.org)

Exporting to Dublin Core...

SOUTHVILLE LIBRARY

Southville International School and Colleges Library

1281 Tropical Ave. Cor. Luxembourg St., BF Homes International, Las Pinas City

Tel. No. 8256374 / 252358 Loc. 117/146

Powered by Koha